Statistiques concernant Qui a été écrit par...

Cliquez ici pour prendre le quiz!

Statistiques générales

  • Ce quiz a été pris 95 fois
  • Le résultat moyen est 69 sur 80

Statistiques - réponses

QuestionTuileSelect% Correct
Quels sont les livres écrit par J.R.R. Tolkien parmis ceux proposés?HeidiNon
100%
Quels sont les livres écrit par J.R.R. Tolkien parmis ceux proposés?Le CidNon
100%
Quels sont les livres écrit par J.R.R. Tolkien parmis ceux proposés?Le tour du monde en 80 joursNon
100%
Quels sont les livres écrit par J.R.R. Tolkien parmis ceux proposés?TartuffeNon
100%
Quels sont les livres écrit par J.R.R. Tolkien parmis ceux proposés?Deux ans de vacancesNon
99%
Quels sont les livres écrit par J.R.R. Tolkien parmis ceux proposés?La peau de chagrinNon
99%
Quels sont les livres écrit par Émile Zola parmis ceux proposés?Le dormeur du ValNon
99%
Quels sont les livres écrit par Molière parmis ceux proposés?Les aventures de TintinNon
99%
Quels sont les livres écrit par Molière parmis ceux proposés?Les malheurs de SophieNon
99%
Quels sont les livres écrit par J.R.R. Tolkien parmis ceux proposés?Les malheurs de SophieNon
99%
Quels sont les livres écrit par Molière parmis ceux proposés?Le tour du monde en 80 joursNon
99%
Quels sont les livres écrit par Molière parmis ceux proposés?Roméo et JulietteNon
99%
Quels sont les livres écrit par J.R.R. Tolkien parmis ceux proposés?Tom SawyerNon
99%
Quels sont les livres écrit par Émile Zola parmis ceux proposés?CalligrammeNon
98%
Quels sont les livres écrit par Émile Zola parmis ceux proposés?Illusions perduesNon
98%
Quels sont les livres écrit par Victor Hugo parmis ceux proposés?La case de l’Oncle TomNon
98%
Quels sont les livres écrit par Molière parmis ceux proposés?La cousine BethNon
98%
Quels sont les livres écrit par J.R.R. Tolkien parmis ceux proposés?Le bossu de Notre-DameNon
98%
Quels sont les livres écrit par Victor Hugo parmis ceux proposés?Le monde de SophieNon
98%
Quels sont les livres écrit par Molière parmis ceux proposés?Les contes de TerremerNon
98%
Quels sont les livres écrit par Molière parmis ceux proposés?Les deux toursNon
98%
Quels sont les livres écrit par Émile Zola parmis ceux proposés?Les travailleurs de la merNon
98%
Quels sont les livres écrit par Molière parmis ceux proposés?L’homme qui ritNon
98%
Quels sont les livres écrit par Émile Zola parmis ceux proposés?PantagruelNon
98%
Quels sont les livres écrit par Émile Zola parmis ceux proposés?TartuffeNon
98%
Quels sont les livres écrit par Victor Hugo parmis ceux proposés?À la recherche du temps perduNon
97%
Quels sont les livres écrit par Victor Hugo parmis ceux proposés?De la Terre à la LuneNon
97%
Quels sont les livres écrit par Émile Zola parmis ceux proposés?GargantuaNon
97%
Quels sont les livres écrit par Molière parmis ceux proposés?HamletNon
97%
Quels sont les livres écrit par Victor Hugo parmis ceux proposés?Le monde de SophieNon
97%
Quels sont les livres écrit par Émile Zola parmis ceux proposés?L’homme qui ritNon
97%
Quels sont les livres écrit par Victor Hugo parmis ceux proposés?PhèdreNon
97%
Quels sont les livres écrit par Émile Zola parmis ceux proposés?Sur la lectureNon
97%
Quels sont les livres écrit par Molière parmis ceux proposés?Sur la lectureNon
97%
Quels sont les livres écrit par J.R.R. Tolkien parmis ceux proposés?TehanuNon
97%
Quels sont les livres écrit par Victor Hugo parmis ceux proposés?Une étude en rougeNon
97%
Quels sont les livres écrit par Roald Dahl parmis ceux proposés?Boule et BilleNon
96%
Quels sont les livres écrit par Roald Dahl parmis ceux proposés?GerminalNon
96%
Quels sont les livres écrit par Victor Hugo parmis ceux proposés?Le CidNon
96%
Quels sont les livres écrit par Victor Hugo parmis ceux proposés?Le dormeur du ValNon
96%
Quels sont les livres écrit par Roald Dahl parmis ceux proposés?Les aventures de TintinNon
96%
Quels sont les livres écrit par Émile Zola parmis ceux proposés?Le temps retrouvéNon
96%
Quels sont les livres écrit par Victor Hugo parmis ceux proposés?Le tour du monde en 80 joursNon
96%
Quels sont les livres écrit par Molière parmis ceux proposés?PhèdreNon
96%
Quels sont les livres écrit par Émile Zola parmis ceux proposés?À la recherche du temps perduNon
95%
Quels sont les livres écrit par Victor Hugo parmis ceux proposés?Carte sur tableNon
95%
Quels sont les livres écrit par Roald Dahl parmis ceux proposés?De la Terre à la LuneNon
95%
Quels sont les livres écrit par Victor Hugo parmis ceux proposés?Deux ans de vacancesNon
95%
Quels sont les livres écrit par J.R.R. Tolkien parmis ceux proposés?Harry PotterNon
95%
Quels sont les livres écrit par Émile Zola parmis ceux proposés?La cousine BethNon
95%
Quels sont les livres écrit par Roald Dahl parmis ceux proposés?NanaNon
95%
Quels sont les livres écrit par Molière parmis ceux proposés?Le CidNon
93%
Quels sont les livres écrit par Roald Dahl parmis ceux proposés?Oliver TwistNon
92%
Quels sont les livres écrit par Roald Dahl parmis ceux proposés?La petite fille du Vel d’HivNon
91%
Quels sont les livres écrit par Roald Dahl parmis ceux proposés?Un sac de billeNon
91%
Quels sont les livres écrit par Roald Dahl parmis ceux proposés?La peaux de chagrinNon
90%
Quels sont les livres écrit par Roald Dahl parmis ceux proposés?Cœur cocoNon
89%
Quels sont les livres écrit par J.R.R. Tolkien parmis ceux proposés?Hunger GamesNon
89%
Quels sont les livres écrit par J.R.R. Tolkien parmis ceux proposés?Le seigneur des anneauxOui
89%
Quels sont les livres écrit par Victor Hugo parmis ceux proposés?Les misérablesOui
87%
Quels sont les livres écrit par Émile Zola parmis ceux proposés?GerminalOui
84%
Quels sont les livres écrit par Roald Dahl parmis ceux proposés?Le contes de Beddle le BardeNon
84%
Quels sont les livres écrit par Molière parmis ceux proposés?Le malade imaginaireOui
84%
Quels sont les livres écrit par J.R.R. Tolkien parmis ceux proposés?Bilbon le hobbitOui
82%
Quels sont les livres écrit par Roald Dahl parmis ceux proposés?Les voyages de GulliversNon
82%
Quels sont les livres écrit par Victor Hugo parmis ceux proposés?Notre-Dame de ParisOui
81%
Quels sont les livres écrit par Molière parmis ceux proposés?Le misanthropeOui
76%
Quels sont les livres écrit par Molière parmis ceux proposés?TartuffeOui
70%
Quels sont les livres écrit par Émile Zola parmis ceux proposés?NanaOui
67%
Quels sont les livres écrit par Molière parmis ceux proposés?Don JuanOui
66%
Quels sont les livres écrit par Émile Zola parmis ceux proposés?La fortune des RougonOui
63%
Quels sont les livres écrit par Roald Dahl parmis ceux proposés?Le Bon Gros GéantOui
56%
Quels sont les livres écrit par Émile Zola parmis ceux proposés?Le ventre de ParisOui
56%
Quels sont les livres écrit par Victor Hugo parmis ceux proposés?Les contemplationsOui
52%
Quels sont les livres écrit par J.R.R. Tolkien parmis ceux proposés?Le SilmarillionOui
46%
Quels sont les livres écrit par Roald Dahl parmis ceux proposés?Mon oncle OswaldOui
35%
Quels sont les livres écrit par Victor Hugo parmis ceux proposés?Napoléon le petitOui
24%
Quels sont les livres écrit par Roald Dahl parmis ceux proposés?Bizarre ! Bizarre !Oui
23%
Quels sont les livres écrit par J.R.R. Tolkien parmis ceux proposés?Le fermier de Gilles de HamOui
13%
Quels sont les livres écrit par Roald Dahl parmis ceux proposés?The GremlinsOui
8%

Distribution des résultats

Percentile par nombre de réponses

% des personnes avec chaque résultat

Votre développement - résultats

Vous n’avez pas pris ce quiz